00413pab a2200133 454500008004000000100002100040245007200061260000900133300001200142362001200154650003500166650002200201773005600223180718b2003 xxu||||| |||| 00| 0 eng d aJain, Randhir B. aImplementing party reforms in South Asia: challenges and strategies c2003 ap.1-23. aJan-Dec aPolitical parties - South Asia aPolitical parties aJournal of Constitutional and Parliamentary Studies